| 000 | 00855nam a2200277 i 4500 | ||
|---|---|---|---|
| 001 | 130779 | ||
| 003 | ES-MaACL | ||
| 005 | 20250827062626.0 | ||
| 007 | t| | ||
| 008 | 070808s1990 sp ||||1| spa d | ||
| 020 | _a84-306-5701-0 | ||
| 080 | _a342.4(460)"18/19"(094.5) | ||
| 110 | 1 |
_aEspaña _93622 |
|
| 245 | 1 | 4 |
_aLas Constituciones de España / _cedición y estudio preliminar de Jorge de Esteban. |
| 250 | _a2ª ed. rev. | ||
| 260 |
_aMadrid : _bTaurus, _c[1990] |
||
| 300 |
_a341 p. ; _c18 cm. |
||
| 490 | 1 |
_aTextos auxiliares ; _v1 |
|
| 500 | _aBiblioteca Jacinto Martínez Lacalle. | ||
| 504 | _aBibliografía: p.35-42. | ||
| 650 |
_aConstituciones- _zEspaña. _911292 |
||
| 700 | 1 |
_aEsteban, Jorge de. _948032 |
|
| 830 | 0 |
_aTextos auxiliares ; _v1 _9219512 |
|
| 852 |
_aES-MaACL _jE-11937 _bR.142622 |
||
| 999 |
_c130779 _d130779 |
||